| 000 | 00645nam a22001337a 4500 | ||
|---|---|---|---|
| 040 | _cRUA | ||
| 082 | _aAVM KOR 2011 B097 Or.1 | ||
| 100 | _aKORNG, PISETH. | ||
| 245 | _aStudy on gastro-intestinal parasite in cattle in srey sothor district, kampong cham province, ការសិក្សាពីបរាសិតនៅក្នុងក្រពះពោះវៀនគោ នោស្រុកស្រីសន្ធ ខេត្តកំពង់ចាម | ||
| 260 |
_aPhnom Penh _bRUA _c2011 |
||
| 300 |
_ax; 46p. _bill. _c29cm. |
||
| 856 | _uhttps://drive.google.com/file/d/16Cf5PJNJHC6avs79JrSYUAedci6LDWo9/view?usp=sharing | ||
| 942 | _cAVM | ||
| 999 |
_c2512 _d2512 |
||